00861cam a22002653a 450000100060000000300060000600500170001200800410002904000150007004200070008505000070009210000320009924500530013126000290018450600300021351600200024365300640026365300320032765300190035965300670037865300440044565300350048983000290052485600420055340300PGUSA20140828083912.0120722s2012||||xxu|||||s|||||000 1 eng d aPGUSAbeng adc 4aPZ1 aRaymond, Evelyn,d1843-191010aDorothyh[electronic resource] /cEvelyn Raymond bProject Gutenberg,c2012 aPublic domain in the USA. aElectronic text aChester, Dorothy (Fictitious character) -- Juvenile fiction aOrphans -- Juvenile fiction aBildungsromans aBaltimore (Md.) -- Social life and customs -- Juvenile fiction aChildren and adults -- Juvenile fiction aKidnapping -- Juvenile fiction 0aProject Gutenbergv4030040uhttp://www.gutenberg.org/ebooks/40300